| 000 | 00454nam a2200157Ia 4500 | ||
|---|---|---|---|
| 008 | 210719s1991 xx 000 0 und d | ||
| 020 | _a0691020663 | ||
| 041 | _aeng | ||
| 082 | _a153.46 HONF | ||
| 100 | _aHONG (Howard V) and HONG (Edna H) | ||
| 245 | _aFor self-examination judge for yourself! by Soren Kierkegaard. | ||
| 260 |
_aNew Jersey. _bPrinceton University Press., _c1991 |
||
| 300 |
_axii,296 _bPB |
||
| 365 | _cRs | ||
| 650 | _aIntelligence | ||
| 999 |
_c213567 _d213567 |
||